Statistics for Countries Containing "S" In Their Name

Click here to take the quiz!

General Stats

  • This quiz has been taken 121 times
    (110 since last reset)
  • The average score is 22 of 30

Answer Stats

Country% Correct
Austria
87%
Pakistan
86%
Afghanistan
85%
Australia
85%
Russia
85%
Turkmenistan
85%
Tajikistan
84%
Estonia
79%
Kyrgyzstan
79%
United States
79%
Uzbekistan
78%
Bosnia and Herzegovina
77%
Kazakhstan
77%
El Salvador
74%
Israel
73%
Costa Rica
72%
Indonesia
70%
Botswana
69%
Lesotho
69%
Liechtenstein
69%
Tunisia
69%
Fed. States of Micronesia
66%
Kosovo
66%
Malaysia
66%
Eswatini
65%
Bangladesh
64%
East Timor
59%
Madagascar
56%
Burkina Faso
45%
Ivory Coast
44%

Score Distribution

Percentile by Number Answered

Percent of People with Each Score

Your Score History

You have not taken this quiz since the last reset